Licences présente dans Super Smash Bros - Statistiques

Statistiques générales
  • Ce quiz a été pris 329 fois
    187 depuis la dernière actualisation
  • Le résultat moyen est 23 sur 38
Statistiques - réponses
Nombre de personnages Nom de la licence % Correct
9 Super Mario
100%
8 Pokemon
93%
6 The Legend of Zelda
91%
3 Donkey Kong
87%
3 Kirby
87%
8 Fire Emblem
82%
4 Metroid
78%
1 Arms
75%
2 Final Fantasy
75%
1 Sonic le Hérisson
74%
3 StarFox
71%
2 Street Fighter
68%
1 Minecraft
65%
1 Yoshi
61%
1 Bayonetta
58%
1 F-Zero
58%
3 Kid Icarus
58%
2 Xenoblade Chronicles
57%
2 Animal Crossing
55%
2 Earthbound
55%
1 Megaman
55%
1 Pac-Man
55%
1 Persona
54%
1 Metal Gear Solid
53%
2 CastleVania
52%
3 Mii
52%
1 Pikmin
51%
1 Wii fit
50%
1 Banjo-Kazooie
49%
1 Ice Climber
42%
1 R.O.B.
42%
1 WarioWare
42%
1 Duck hunt
41%
1 Dragon Quest
40%
1 Splatoon
40%
1 Punch-Out
39%
1 Fatal Fury
29%
1 Mr.Game & Watch
29%
Aucun quiz correspondant
Distribution des résultats
% des personnes avec chaque résultat
Percentile par nombre de réponses
Votre historique - résultats
Vous n’avez pas pris ce quiz depuis la dernière actualisation